00477nam a2200145Ia 4500008004100000020001800041082001900059100001800078245009600096250004700192260004100239300000800280650002400288700001900312220501s2014 xx 000 0 eng d a9789351610113 a658.4032 KAP-O aKapoor, V. K. 0aOperations research : quantitative techniques for managementcV. K. Kapoor and Sumit Kapoor a9th Thoroughly revised and updated edition aNew DelhibSultan Chand & Sonsc2014 avp. aOperations research aKapoor, Sumant